Charlie and the Chocolate Factory Match-Up Quiz Stats

Quiz Updated Aug 22, 2015

Also try: The Bucket Family
Challenge
Share
Tweet
Embed
Score 0/5 Timer 00:30
3 Plays Today
% Correct
Charlie Bucket
94.5%
Augustus Gloop
90.3%
Mike Teavee
88.8%
Violet Beauregarde
87.6%
Veruca Salt
83.3%

You're not logged in!

Compare scores with friends on all Sporcle quizzes.
Sign Up with Email
OR
Log In

You Might Also Like...

Show Comments

Extras

Top Quizzes Today


Score Distribution

Your Account Isn't Verified!

In order to create a playlist on Sporcle, you need to verify the email address you used during registration. Go to your Sporcle Settings to finish the process.